ECW TV Title Reigns - Statistics

General Stats
  • This quiz has been taken 14 times
  • The average score is 11 of 30
Answer Stats
Reign # Wrestler % Correct
1 Bam Bam Bigelow
75%
2 2 Cold Scorpio
50%
3 2 Cold Scorpio
50%
4 2 Cold Scorpio
50%
1 Johnny Hotbody
50%
1 Kid Kash
50%
1 Rhino
50%
2 Rhino
50%
1 Rob Van Dam
50%
2 Shane Douglas
50%
1 Super Crazy
50%
2 Taz
50%
1 Yoshihiro Tajiri
50%
1 2 Cold Scorpio
25%
1 Chris Jericho
25%
1 Dean Malenko
25%
2 Dean Malenko
25%
1 Eddie Guerrero
25%
2 Eddie Guerrero
25%
1 Jason
25%
1 Jimmy Snuka
25%
1 J.T. Smith
25%
1 Mikey Whipwreck
25%
2 Mikey Whipwreck
25%
1 Pitbull #2
25%
1 Sabu
25%
1 Shane Douglas
25%
1 Terry Funk
25%
1 The Pitbull
25%
1 The Tazmaniac
25%
No matching quizzes found
Score Distribution
Percent of People with Each Score
Percentile by Number Answered
Your Score History
You have not taken this quiz